Normal view
MARC view
Entry Nome pessoal
001 - NÚMERO DE CONTROLE
- campo de controle: 1015
003 - IDENTIFICADOR DO NÚMERO DE CONTROLE
- campo de controle: DLC
005 - DATA E HORÁRIO DA ÚLTIMA TRANSAÇÃO
- campo de controle: 20250902081609.0
008 - CAMPO DE DADOS FIXOS
- campo de controle de tamanho fixo: 220104n| azannaabn |a aaa c
010 ## - NÚMERO DE CONTROLE DA LIBRARY OF CONGRESS
- Número de controle da LC: no2022000516
035 ## - NÚMERO DE CONTROLE DO SISTEMA
- Número de Controle do Sistema: (OCoLC)oca14227644
040 ## - FONTE DA CATALOGAÇÃO
- Instituição da catalogação original: NN
- Idioma da catalogação: eng
- Fontes convencionais de descrições de dados: rda
- Instituição que transcreveu o registro: NN
100 1# - CABEÇALHO--NOME PESSOAL
- Nome pessoal: Vilela, Antonio Carlos,
- Datas associadas ao nome: 1966-
372 ## - CAMPO DE ATIVIDADE
- Campo de atividade: Translating and interpreting
- Campo de atividade: Juvenile literature
- Fonte do termo: lcsh
374 ## - OCUPAÇÃO
- Ocupação: Authors
- Ocupação: Translators
- Fonte do termo: lcsh
375 ## - GÊNERO
- Gênero: Males
- Fonte do termo: lcdgt
377 ## - IDIOMA ASSOCIADO
- Código do idioma: por
- Código do idioma: eng
400 1# - REMISSIVA VER--NOME PESSOAL
- Nome pessoal: Vilela dos Reis, Antonio Carlos,
- Datas associadas ao nome: 1966-
400 1# - REMISSIVA VER--NOME PESSOAL
- Nome pessoal: Reis, Antonio Carlos Vilela dos,
- Datas associadas ao nome: 1966-
670 ## - FONTE POSITIVA DOS DADOS
- Citação da fonte positiva dos dados: Doyle, Arthur Conan. O cão dos Baskervilles, 2016:
- Dados encontrados na fonte localizada no subcampo: title page (tradução de Antonio Carlos Vilela)
670 ## - FONTE POSITIVA DOS DADOS
- Citação da fonte positiva dos dados: BLBNB in VIAF viewed, Jan. 4, 2022:
- Dados encontrados na fonte localizada no subcampo: (hdg: Vilela, Antonio Carlos, 1966-, variants: Vilela dos Reis, Antonio Carlos, 1966-, Reis, Antonio Carlos Vilela dos, 1966-; translator and writer of children's books)
- Uniform Resource Identifier: https://viaf.org/processed/BLBNB%7C000577725